000 00570nam a2200181Ia 4500
008 130821s1990 ck gr spa
040 _aCo-BoUCM
_bspa
041 0 0 _aspa
100 1 _aAramburo Restrepo, José Luis
_9125909
245 0 0 _aCurso de derecho minero
_cJosé Luis Aramburo
250 _a3a. ed.
260 _aBogotá (Colombia)
_bFavila
_c1990
300 _a375 páginas
650 0 4 _aDerecho minero
_912796
650 0 4 _aDerecho minero
_xLegislación
_zColombia
_9103356
942 _cLIBRO
_a8
_e3
_mA71
_2DEWEY
_h348.3
999 _c34784
_d34784